Datum a čas kvízu
22
Celkem bodů
Celkový počet nahraných bodů na tomto kvízu bez doplňovacích otázek.
3.
Pořadí na kvízu
Konečné umístění týmu na tomto kvízu.
Zaznamenané odpovědi
| # | Otázka | Odpověď | Body | Výsledky |
|---|---|---|---|---|
| 1. | Na webové adrese zemanznovu.cz... | e-shop s dámským textilem | 0 | |
| 2. | Prezidentské volby v Bělorusku... | Litva | 1 | |
| 3. | Český režisér, producent a her... | Joseph McCarthy | 0 | |
| 4. | Prezident jedné země v úterý o... | Vladimir Putin | 1 | |
| 5. | Brankář pražské Sparty přispěl... | Matěj Machovský | 0 | |
| 6. | Nedávno jsme se zabývali různý... | Belgie, Francie, Nizozemsko | 0 | |
| 7. | Dne 24. července roku 1177 uza... | Fridrich I. Barbarossa (Rudovous) | 0 | |
| 8. | Dalším špičatým letopočtem v n... | Vladislav Jagellonský | 0 | |
| 9. | Dostáváme se do novověku, konk... | (von) Laudon | 0 | |
| 10. | Dne 30. dubna 1777 se narodil... | Carl Friedrich Gauss | 0 |